| 000 | 01370cam a22003252i 4500 | ||
|---|---|---|---|
| 003 | SA_RiAUC | ||
| 005 | 20241210123042.0 | ||
| 008 | 241206s2005 su g 000 0 ara c | ||
| 040 |
_aSA-JeALM _bara _cSA-RiAUC _erda |
||
| 043 | _aa-su--- | ||
| 082 | 0 | 4 |
_a252.5 _qSA-RiAUC |
| 090 |
_a252.5 _b ا ب ن د |
||
| 100 | 1 |
_aابن دهيش، عبد الملك بن عبد الله، _d1360 هجري- _eمؤلف. |
|
| 245 | 1 | 0 |
_aحدود المشاعر المقدسة : _bمنى-مزدلفة-عرفة / _cعبد الملك بن عبد الله بن دهيش. |
| 250 | _aالطبعة الأولى. | ||
| 264 | 1 |
_aمكة المكرمة : _b[الناشر غير محدد]، _c2005 |
|
| 300 |
_a181 صفحة ؛ _c24 سم |
||
| 336 |
_aنص _btxt _2rdacontent _3كتاب |
||
| 337 |
_aبدون وسيط _bn _2rdamedia |
||
| 338 |
_aمجلد _bnc _2rdacarrier |
||
| 650 | 7 |
_aالحج (فقه إسلامي) _xمناسك _2aucsh |
|
| 650 | 7 |
_aالأماكن المقدسة الإسلامية _zالسعودية _2aucsh |
|
| 651 | 7 |
_aمزدلفة (السعودية) _2aucsh |
|
| 651 | 7 |
_aجبل عرفات (السعودية) _2aucsh |
|
| 651 | 7 |
_aمنى (مكة المكرمة) _2aucsh |
|
| 651 | 7 |
_aمكة المكرمة _xجغرافيا _2aucsh |
|
| 651 | 7 |
_aجبل عرفات (السعودية) _2aucsh |
|
| 942 |
_2ddc _cBOOK _n0 |
||
| 949 |
_aSA-JeALM _d241206 _umohamedma123 _n1 |
||
| 999 |
_c3263 _d3263 |
||